000 00544nam a22001817a 4500
999 _c19240
_d19240
003 AR-CdUCM
008 190517b ||||| |||| 00| 0 spa d
040 _aMUNICIPALIDAD PROVINCIAL DEL CUSCO
_cBIBLIOTECA MUNICIPAL DEL CUSCO
082 _a985.009 /
_bG634
100 _aGonzales Vigil, Ricardo
_92748
245 _aAbraham Valdelomar /
260 _aLima :
_bMonterrico,
_c1987.
300 _a60 páginas ;
_c21 cm.
440 _aLos que hicieron el Perú
_n30
_940463
505 _aAbraham Valdelomar
942 _2ddc
_cLIBROS
945 _awfj